Phil Collins Quiz - Statistics

General Stats
  • This quiz has been taken 248 times
    130 since last reset
  • The average score is 11 of 21
Answer Stats
Hint Answer % Correct
Joined this band in 1970 and became lead singer in 1975 Genesis
97%
Instrument he played in that band drums
94%
Debut single: "Well if you told me you were drowning, I would not lend a hand" In the Air Tonight
82%
1984 power ballad written for the movie of the same name Against All Odds
66%
Wrote the soundtrack for this 1999 Disney movie Tarzan
66%
Supremes cover released as a 1982 single You Can't Hurry Love
65%
1989 song about homelessness Another Day in Paradise
61%
Played at both the London and Philadelphia shows of this 1985 event Live Aid
58%
1985 album named after an incident at The Pump Room restaurant in Chicago No Jacket Required
57%
1985 hit about a schoolboy crush on a girl at school Sussudio
56%
1981 debut solo album with closeup photo of Collins on the cover Face Value
52%
He is uncredited as a young fan at a performance in this Beatles movie A Hard Day's Night
50%
Sang on this 1984 charity single Do They Know It's Christmas?
50%
1986 song with his original band about a girl who "grabs right hold of your heart" Invisible Touch
47%
1989 #1 album with ellipsis in the title ...{But} {Seriously}
38%
1982 sophomore album Hello, I Must Be Going
38%
Collects artifacts from this famous 1836 battle The {Alamo}
34%
1984 soft rock ballad about someone missing their lover One More Night
25%
'Dark' 1983 single concerning his recent divorce I Don't Care Anymore
24%
1985 single about a mental institution patient (who wants to leave) {Take} {Me} {Home}
24%
Played Inspector Good in this 1991 Spielberg movie Hook
17%
No matching quizzes found
Score Distribution
Percent of People with Each Score
Percentile by Number Answered
Your Score History
You have not taken this quiz since the last reset